Statistics for Norway Quiz(HARD)

Click here to take the quiz!

General Stats

  • This quiz has been taken 148 times
  • The average score is 7 of 15

Answer Stats

HintAnswer% Correct
Capital CityOslo
88%
Bordering countriesSweden, Finland, Russia
79%
LocationNorthern-Europe
78%
FlagRed, white, and blue
68%
Official nameKingdom of Norway
64%
Estimated population pr 20175267146
63%
CurrencyNOK(Norwegian Krone)
63%
Year Norway recive a constitution1814
50%
Norwegian archipelago in the Arctic OceanSvalbard
42%
Personal union lasted from 1397 to 1523(126 years)Kalmar Union
32%
Population density pr km2(rougly)15.8/km2
23%
TimezoneUTC+01
4%
National foodlamb and cabbage stew
3%
Norways three dependent territories (decpendies), with no permanent settlementBouvet Island Queen Maud Land Peter I Island
0%
Norwegian natural landscape that make up more than 50% of the total areaMountains and plateau
0%

Score Distribution

Percentile by Number Answered

Percent of People with Each Score

Your Score History

You have not taken this quiz